International stratigraphic guide : a guide to stratigraphic classification, terminology, and procedure
Saved in:
| Corporate Authors: | , |
|---|---|
| Other Authors: | |
| Format: | Book |
| Language: | English |
| Published: |
Trondheim, Norway : Boulder, Colo. :
International Union of Geological Sciences, Geological Society of America,
1994
|
| Edition: | 2nd ed. |
| Subjects: | |
| Tags: |
Add Tag
No Tags, Be the first to tag this record!
|
MARC
| LEADER | 00000nam a2200000 i 4500 | ||
|---|---|---|---|
| 001 | 1/81372 | ||
| 008 | 080409s1994 eng d | ||
| 020 | |a 0-8137-7401-2 | ||
| 035 | |l 10096445 | ||
| 040 | |a GR-MY-UA |b gre |e aacr | ||
| 041 | 0 | |a eng | |
| 082 | 0 | |a 551.70012 |2 (22) | |
| 245 | 1 | 0 | |a International stratigraphic guide : |b a guide to stratigraphic classification, terminology, and procedure / |c Amos Salvador, editor ; International Subcommission on Stratigraphic Classification of IUGS International Commission on Stratigraphy |
| 250 | |a 2nd ed. | ||
| 260 | |a Trondheim, Norway : |a Boulder, Colo. : |b International Union of Geological Sciences, |b Geological Society of America, |c 1994 | ||
| 300 | |a xix, 214 σ.; |b εικ.; |c 24 εκ. | ||
| 504 | |a Βιβλιογραφία: σ. 149-206 | ||
| 504 | |a Ευρετήριο: σ. 207-214 | ||
| 650 | 0 | 0 | |a Geology, Stratigraphic. |
| 700 | 1 | |a Salvador, Amos. |4 edt | |
| 710 | 2 | |a International Union of Geological Sciences |b International Subcommission on Stratigraphic Classification. | |
| 710 | 2 | |a Geological Society of America. | |
| 852 | |a INST |b LESVOS |e 20080409 |h 551.70012 INT |p 005100039552 |q 005100039552 |t BK |y 0 | ||
| 901 | |a BIBL1-2008-1 | ||
| 909 | |a Λ |b 145671 | ||
| 922 | |a 1ΕΛΗ |b 20801 |c ΕΠΕΑΕΚ2/ΤΕΘ |d ΕΛΕΥΘΕΡΟΥΔΑΚΗΣ | ||
| 970 | |a ΚΑΡΑ |b ΓΙΑΣΕΜΗ |z 2008/04/09 | ||